Dấu chân người lính Tiểu thuyết

NMC là nhà văn quân đội bước vào nghề văn từ năm 1960. Ông chuyên viết về đề tài chiến tranh và cuộc sống người lính chiến. Các tác phẩm chủ yếu của Ông là: Dấu chân người lính (TT); Cỏ lau (TT); Phiên chợ Giát (TT); Chiếc thuyền ngoài...

Cijeli opis

Spremljeno u:
Bibliografski detalji
Glavni autor: Nguyễn Minh Châu
Format: Knjiga
Jezik:Undetermined
Izdano: Hà Nội Thanh niên 1984
Teme:
Oznake: Dodaj oznaku
Bez oznaka, Budi prvi tko označuje ovaj zapis!
Thư viện lưu trữ: Trung tâm Học liệu Trường Đại học Cần Thơ
LEADER 00968nam a2200193Ia 4500
001 CTU_10390
008 210402s9999 xx 000 0 und d
082 |a 895.922333 
082 |b Ch125d 
100 |a Nguyễn Minh Châu 
245 0 |a Dấu chân người lính 
245 0 |b Tiểu thuyết 
245 0 |c Nguyễn Minh Châu 
260 |a Hà Nội 
260 |b Thanh niên 
260 |c 1984 
520 |a NMC là nhà văn quân đội bước vào nghề văn từ năm 1960. Ông chuyên viết về đề tài chiến tranh và cuộc sống người lính chiến. Các tác phẩm chủ yếu của Ông là: Dấu chân người lính (TT); Cỏ lau (TT); Phiên chợ Giát (TT); Chiếc thuyền ngoài xa( tập truyện ngắn ) 
650 |a vietnamese fiction - 1960 - 1975,war stories, vietnamese 
980 |a Trung tâm Học liệu Trường Đại học Cần Thơ